La filosofía de Maimónides

Αποθηκεύτηκε σε:
Λεπτομέρειες βιβλιογραφικής εγγραφής
Κύριος συγγραφέας: Gaos, José (Συγγραφέας)
Μορφή: Βιβλίο
Γλώσσα:Γαλλικά
Έκδοση: Ciudad de México La Casa de España en México 1940
Έκδοση:2a. ed
Θέματα:
Ετικέτες: Προσθήκη ετικέτας
Δεν υπάρχουν, Καταχωρήστε ετικέτα πρώτοι!

MARC

LEADER 00000nam a2200000 a 4500
001 UCZ5178
003 CL-VaPUC
008 951117e19400000MX |||||||||||||||||fre|d
082 0 4 |a 189  |b GAO  |2 21 
100 |a Gaos, José  |e author  |9 349134 
245 1 3 |a La filosofía de Maimónides 
250 |a 2a. ed 
300 |a 55 p 
942 |c BK 
945 |d 19951117 00:00:00  |a cmena 
260 |a Ciudad de México  |b La Casa de España en México  |c 1940 
600 0 |a Dios  |9 314467 
600 0 |a Maimónides,  |d 1138-1204  |9 347518 
650 0 |a Filosofía medieval  |9 256245 
650 0 |a Filosofía judía   |9 265155 
650 0 |a Creencia Religiosa  |9 316904 
650 0 |a Teología   |9 258766 
583 |a last modification  |c 19951117 00:00:00  |k Rodrigo Vera 
999 |c 241500  |d 241498 
952 |0 0  |1 0  |4 0  |6 189_000000000000000_GAO_1940  |7 0  |8 P  |9 253835  |a BIBEDU  |b BIBEDU  |c BIBEDU_PB  |d 2019-11-19  |i 1572458  |l 1  |o 189 GAO 1940  |p 1572458  |r 2024-04-29  |s 2024-04-15  |w 2019-11-19  |y BK  |k FIL